Analýza účinnosti a využitia základných prostriedkov v súvislosti s problémami reprodukcie základných prostriedkov záverečná práca postgraduálneho štúdia

Saved in:
Bibliographic Details
Main Author: Kosoňová, Danica
Corporate Author: Vysoká škola ekonomická v Bratislave
Other Authors: Mišík, Vladimír
Format: Book
Language:Slovak
Published: Bratislava 1988
Tags: Add Tag
No Tags, Be the first to tag this record!

MARC

LEADER 00000nam a2200000 4500
001 c039131
005 20230116091312.3
041 0 |a slo 
044 |a SK 
245 1 0 |a Analýza účinnosti a využitia základných prostriedkov v súvislosti s problémami reprodukcie základných prostriedkov  |b záverečná práca postgraduálneho štúdia  |c Danica Kosoňová ; ved. práce Vladimír Mišík 
264 1 |a Bratislava  |c 1988 
300 |a 50 s. 
100 1 |a Kosoňová, Danica 
700 1 |a Mišík, Vladimír 
710 2 |a Vysoká škola ekonomická v Bratislave